[Event "Enniscrone Sligo-ch"]
[Site "Enniscrone"]
[Date "2024.02.04"]
[Round "4"]
[White "Cummins, Sean"]
[Black "Kononova, Alina"]
[Result "0-1"]
[WhiteElo "1822"]
[BlackElo "1632"]
[PlyCount "102"]
[EventDate "2024.02.02"]
[EventType "swiss"]
[EventRounds "5"]
[EventCountry "IRL"]
[SourceTitle "CB08_2024"]
[SourceDate "2024.02.21"]
[SourceVersion "1"]
[SourceVersionDate "2024.02.21"]
[SourceQuality "1"]

1. e4 e5 2. Nf3 Nc6 3. Bb5 d6 4. d4 exd4 5. Nxd4 Bd7 6. Nc3 Nf6 7. 0-0 Be7 8. f4 0-0 9. Be2 Re8 10. Be3 Bf8 11. Bf3 h6 12. Re1 Qc8 13. h3 Nd8 14. Qd2 c5 15. Nb3 Bc6 16. Bf2 Ne6 17. Na5 Qc7 18. Nxc6 bxc6 19. e5 dxe5 20. fxe5 Rad8 21. Qe3 Nd4 22. Rac1 Nd7 23. Bg3 Nf5 24. Qf4 Nxg3 25. Qxg3 Nxe5 26. Bxc6 Qxc6 27. Rxe5 Qd6 28. Re3 Qd4 29. Rce1 Rxe3 30. Qxe3 Re8 31. Qxd4 Rxe1+ 32. Kf2 cxd4 33. Kxe1 dxc3 34. bxc3 Bc5 35. Ke2 f5 36. Kd3 Kf7 37. Kc4 Bb6 38. Kd5 f4 39. c4 Ke7 40. Kc6 Bd8 41. Kb7 Kd6 42. Kxa7 Kc5 43. Kb7 Kxc4 44. Kc8 Ba5 45. Kd7 Kc3 46. Ke6 Kxc2 47. Kf7 Bc3 48. a4 Kd3 49. a5 Ke2 50. a6 Bd4 51. Ke6 Kf2 0-1